000 00856cam a2200253 a 4500
001 15294311
005 20260122142438.0
008 080508s2009 nyu 001 0 eng
020 _a9780073382258
_qalk. paper
020 _a0073382256
_qalk. paper
050 0 0 _aHG173
_b.C679 2009
082 0 0 _a332
_222
100 1 _aCornett, Marcia Millon.
245 1 0 _aFinance :
_bapplications & theory /
_cMarcia Millon Cornett, Troy A. Adair, Jr., John Nofsinger.
250 _a1st ed.
260 _aNew York, NY :
_bMcGraw-Hill/Irwin,
_cc2009.
300 _axxx, 655 p. :
_bcol. ill. ;
_c29 cm.
500 _aIncludes index.
650 0 _aFinance.
700 1 _aAdair, Troy A.
_q(Troy Alton),
_d1964-
700 1 _aNofsinger, John R.
856 4 1 _3Table of contents only
_uhttp://www.loc.gov/catdir/toc/ecip0818/2008020876.html
942 _2lcc
_cBK
_e1st Ed.
_n0
999 _c8627
_d8627